Southville International School and Colleges
Your cart is empty.
  • Cart
  • Lists
    Public lists Eva Luna New books Lux_list list_1
    Your lists Log in to create your own lists
  • Log in to your account
  • Your cookies
  • Search history
Southville International School and Colleges
  • Advanced search
  • Recent comments
  • Most popular
  • Libraries

Log in to your account

Log in with GOOGLE


If you do not have an external account, but do have a local account, you can still log in:

  1. Home
  2. MARC view: Holy Bible :
Normal view MARC view ISBD view

Holy Bible : (Record no. 15142)

[ view plain ]
MARC details
000 -LEADER
fixed length control field 01015nam a2200337 a 4500
001 - CONTROL NUMBER
control field 1204876
003 - CONTROL NUMBER IDENTIFIER
control field OSt
005 - DATE AND TIME OF LATEST TRANSACTION
control field 20140310182658.0
008 - FIXED-LENGTH DATA ELEMENTS--GENERAL INFORMATION
fixed length control field 980420s1997 ilub 000 0 eng
010 ## - LIBRARY OF CONGRESS CONTROL NUMBER
LC control number 98140735
020 ## - INTERNATIONAL STANDARD BOOK NUMBER
International Standard Book Number 0842332782 (black)
020 ## - INTERNATIONAL STANDARD BOOK NUMBER
International Standard Book Number 0842332537 (burgundy)
040 ## - CATALOGING SOURCE
Original cataloging agency DLC
Transcribing agency DLC
050 00 - LIBRARY OF CONGRESS CALL NUMBER
Classification number BS 185
Item number .H761 1996
082 00 - DEWEY DECIMAL CLASSIFICATION NUMBER
Classification number M 220 H74 1996
Item number H74 1996
130 0# - MAIN ENTRY--UNIFORM TITLE
Uniform title Bible.
Language of a work English.
Version New Living Translation.
Date of a work 1997.
245 10 - TITLE STATEMENT
Title Holy Bible :
Remainder of title New Living Translation
260 ## - PUBLICATION, DISTRIBUTION, ETC. (IMPRINT)
Place of publication, distribution, etc Wheaton, Ill. :
Name of publisher, distributor, etc Tyndale House Publishers, Inc
Date of publication, distribution, etc c1996
300 ## - PHYSICAL DESCRIPTION
Extent 774p.
Dimensions 22cm
500 ## - GENERAL NOTE
General note "Red letter"--Spine.
500 ## - GENERAL NOTE
General note Includes index.
521 ## - TARGET AUDIENCE NOTE
Target audience note
526 ## - STUDY PROGRAM INFORMATION NOTE
Reading level 1210L-1700L
541 ## - IMMEDIATE SOURCE OF ACQUISITION NOTE
-- 1
541 ## - IMMEDIATE SOURCE OF ACQUISITION NOTE
-- 2
541 ## - IMMEDIATE SOURCE OF ACQUISITION NOTE
-- 3
562 ## - COPY AND VERSION IDENTIFICATION NOTE
Number of copies For Circulation. 1 Copy in the collection
906 ## - LOCAL DATA ELEMENT F, LDF (RLIN)
a 7
b cbc
c orignew
d 2
e ncip
f 19
g y-gencatlg
942 ## - ADDED ENTRY ELEMENTS (KOHA)
Source of classification or shelving scheme Library of Congress Classification
Koha item type Books
Call number prefix
Holdings
Withdrawn status Lost status Source of classification or shelving scheme Damaged status Home library Current library Shelving location Date acquired Total Checkouts Full call number Barcode Date last seen Date checked out Copy number Price effective from Koha item type Total Renewals
    Library of Congress Classification   College Library College Library General Circulation Section 04/18/2012 1 BS 185 .H761 2008 C12132 05/15/2018 01/18/2018 1 04/18/2012 Books  
    Library of Congress Classification   College Library College Library General Circulation Section 05/18/2013 1 BS 185 .H761 2008 C12131 05/15/2018 10/12/2016 2 05/18/2013 Books 32
    Library of Congress Classification   College Library College Library General Circulation Section 05/18/2013   BS 185 .H761 2008 C12130 05/15/2018   3 05/18/2013 Books  

Holy Bible :

APA

(1996). Holy Bible. Wheaton, Ill: Tyndale House Publishers, Inc.

Chicago

1996. Holy Bible. Wheaton, Ill: Tyndale House Publishers, Inc.

Harvard

(1996). Holy Bible. Wheaton, Ill: Tyndale House Publishers, Inc.

MLA

Holy Bible. Wheaton, Ill: Tyndale House Publishers, Inc. 1996.

  • Place hold
  • Print
  • Cite
  • Add to your cart (remove)
  • Save record
    BIBTEX Dublin Core MARCXML MARC (non-Unicode/MARC-8) MARC (Unicode/UTF-8) MARC (Unicode/UTF-8, Standard) MODS (XML) RIS
  • More searches
    Search for this title in:
    Other Libraries (WorldCat) Other Databases (Google Scholar) Online Stores (Bookfinder.com) Open Library (openlibrary.org)

Exporting to Dublin Core...

SOUTHVILLE LIBRARY

Southville International School and Colleges Library

1281 Tropical Ave. Cor. Luxembourg St., BF Homes International, Las Pinas City

Tel. No. 8256374 / 252358 Loc. 117/146

Powered by Koha